000 02274cam a2200325 4500500
005 20251228052927.0
041 _afre
042 _adc
100 1 0 _aChatel, Cathy
_eauthor
700 1 0 _aEncarnação Beltrão Sposito, Maria
_eauthor
245 0 0 _aLa dispersion urbaine au Brésil, à l’échelle du système de villes et des agglomérations
260 _c2023.
500 _a32
520 _aLa base de données Geopolis permet de comparer les indicateurs relatifs aux agglomérations urbaines dans le monde. Brasipolis reprend la méthode Geopolis pour le Brésil. À partir d’indicateurs tels que la population, la superficie et la densité des agglomérations urbaines, nous questionnons le concept de « dispersion urbaine » employé dans les études urbaines en portugais, en espagnol et en italien pour décrire l’«  urban sprawl » (étalement urbain). L’étalement urbain au Brésil n’est pas aussi marqué que dans d’autres pays. La dispersion se manifeste par une déconcentration de la population dans un système urbain maillé d’agglomérations de taille moyenne.
520 _aThe Geopolis database allows the comparison of urban agglomerations indicators around the world. Brasipolis uses the Geopolis method for Brazil. With indicators such as population, surface area and density of urban agglomerations, we question the concept of ‘‘urban dispersion’’ as used in Portuguese, Spanish and Italian urban studies to describe ‘‘urban sprawl’’. Urban sprawl in Brazil is not as pronounced as in other countries. Dispersion is manifested by a deconcentration of the population in a dense urban system of medium-sized agglomerations.
690 _aagglomération urbaine
690 _adéconcentration
690 _adispersion urbaine
690 _aétalement urbain
690 _apopulation
690 _asystème urbain
690 _adeconcentration
690 _apopulation
690 _aurban agglomeration
690 _aurban dispersion
690 _aurban sprawl
690 _aurban system
786 0 _nL’Espace géographique | 50 | 3 | 2023-02-28 | p. 190-213 | 0046-2497
856 4 1 _uhttps://shs.cairn.info/revue-espace-geographique-2021-3-page-190?lang=fr&redirect-ssocas=7080
999 _c1584832
_d1584832